000 00486nam a2200169 i 4500
001 98275
003 ES-MaACL
005 20230906182240.0
007 t|
008 050727s1964 sp ||||1| spa d
100 1 _aMartel, R.
_977157
245 1 0 _aFormulario del frío /
_cR. Martel; traducción por Jaime Segarra.
260 _aBarcelona :
_bCometa,
_c1964.
300 _aVIII, 402 p. :
_bil. ;
_c19 cm.
700 1 _aSegarra, Jaime.
_9105118
852 _aES-MaACL
_jC-27043
_bR.55847
999 _c98275
_d98275